| 000 | 01256nam a2200217Ii 4500 | ||
|---|---|---|---|
| 003 | JO-AjNU | ||
| 008 | 230605s9999||||xx |||||||||||||| ||und|| | ||
| 017 | _a2010/5387 | ||
| 040 |
_aJO-AjNU _bara _erda _cJO-AjNU |
||
| 041 | _aara | ||
| 050 | 1 | 4 | _aHD5836.A6. B366 2010 |
| 100 | 3 |
_aالمنظمة العربية للتنمية الادارية, _eauthor _952013 |
|
| 245 | 0 | 0 | _aبناء القدرات البشرية العربية : بحوث و.أوراق عمل الملتقى العربي الأولى "إدارة الموارد البشرية - الأساليب الحديثة في تطور وبناء القدرات وورشة عمل "تقييم وتشكيل السلوكيات"، الشارقة، نوفمبر2008..... |
| 264 | 3 | 1 | _aالقاهرة: المنظمة العربية للتنمية الادارية، 2010 |
| 300 | _a351ص | ||
| 336 |
_atext _btxt _2rdacontent |
||
| 337 |
_aunmediated _bn _2rdamedia |
||
| 338 |
_avolume _bnc _2rdacarrier |
||
| 490 | 0 | _aمطبوعات المنظمة العربية للتنمية الإدارية. أعمال المؤتمرات | |
| 650 | 4 |
_aالقوى العاملة -سوق العمل - ادارة الافراد - تنمية الموارد- البلاد العربية - مؤتمرات _952014 |
|
| 999 |
_aA23015 _c26583 _d26583 |
||